000 01319nam a2200229Ia 4500
999 _c56425
_d56425
001 23538
003 GE_BSU
005 20191002153848.0
008 181216s||||||||xx |||||||||||||| ||und||
020 _a9789941949838
040 _cGE_BSU
041 _ageo
080 _a94(479.22)(042.4) ზ-86
100 _aზოსიძე, ნუგზარ
_93940
245 _aსაქართველოს ისტორია : (უძველესი დროიდან XX ს. 80-იანი წლები)
_bსალექციო კურსი განკუთვნილია არასპეც. ფაკ-ტის სტუდენტებისათვის /
_cნუგზარ ზოსიძე .
264 _aთბილისი :
_bკალმოსანი,
_c2016.
300 _a303გვ .:
_c30 სმ.
504 _aბიბლ. გვ. 301-302
653 _aსაქართველოს ისტორია
710 _eბათუმის შოთა რუსთაველის სახ-ფო უნ-ტი. ჰუმანიტარულ-მეცნიერებათა ფაკ-ტი. ისტორიის, არქეოლოგიისა და ეთნოლოგიის დეპ-ტი.
_94449
942 _cBK
_2udc